000
00306nam a22001337a 4500
008
171004b xxu||||| |||| 00| 0 eng d
020
_a
9780944934258
041
_a
eng
080
_a
159.9
100
_a
48
101
_a
PSI
245
_a
PCOS POLITICYTICOVARY SYNDROMS
_c
THATCHER.S.S
942
_2
udc
_c
BK
999
_c
31726
_d
31726